000
00183nam a2200085 4500
001
1258525
005
20260312103725.0
245
_a
UÇTU UÇTU ÖYKÜ UÇTU
_c
FATMA TUTAK
260
_b
KENT
999
_c
1258525
_d
1258525